LEADER 00842nam0-22003251i-450- 001 990002027520403321 005 20021010 035 $a000202752 035 $aFED01000202752 035 $a(Aleph)000202752FED01 035 $a000202752 100 $a20021010d--------km-y0itay50------ba 101 0 $aita 200 1 $aTraite pratique de l'elevage de reines.$fGiraud-Pabou 210 $aLoire$cs.e.$d1903 215 $a94 p.$d18 cm 610 0 $aApicoltura 610 0 $aAllevamento 610 0 $aApe Regina 610 0 $aApe 676 $a595.799 700 1$aGiraud-Pabou & fils$0360315 801 0$aIT$bUNINA$gRICA$2UNIMARC 901 $aBK 912 $a990002027520403321 952 $a61 XIV D.4/016$b698$fDAGEN 959 $aDAGEN 996 $aTraite pratique de l'elevage de reines$9404719 997 $aUNINA DB $aING01